00652nam a2200241 a 4500001001300000003000900013005001700022008004100039020001000080082001600090100001800106245001600124260003200140300000900172500003500181505001300216650001700229700001800246902000800264942000700272952011600279999001500395nice12345678IN_TiNIC20260116011948.0050524s1991 boma grp 000 0 per  ac10000a955.02bQAB aQabus, Sultan aQabus Namah aBombaybNo Publishersc1991 a196p aincludes index and biblioraphy2 aarchives aIran-History1 aQabus, Sultan bSRS cBK 001040708StackRoom-aHMIbHMId2007-05-29g100.00l0o955.02 QABp06393r2007-05-29v100.00w2005-05-24yBK c5076d5076